The feeling of jazz /

Bibliographic Details
Main Author: Simon, George T., 1912-2001
Format: Book
Language:English
Published: [New York] : Simon and Schuster, 1961.
Subjects:

MARC

Tag First Indicator Second Indicator Subfields
LEADER 00000cam a2200000 4500
001 in00000030493
005 20151007061620.0
008 740521s1961 nyua 00000 eng u
010 |a  61016555  
035 |a (OCoLC)00892058 
035 |9 AAD2589AM 
040 |c KSU  |d TXA  |d UtOrBLW 
049 |a TXAM  |c [340262] 
050 0 |a ML3561.J3  |b S53 
092 |a 781.57  |b S594f 
100 1 |a Simon, George T.,  |d 1912-2001. 
245 1 4 |a The feeling of jazz /  |c Drawings by Tracy Sugarman. 
264 1 |a [New York] :  |b Simon and Schuster,  |c 1961. 
300 |a 95 pages :  |b illustrations ;  |c 31 cm. 
336 |a text  |b txt  |2 rdacontent 
337 |a unmediated  |b n  |2 rdamedia 
338 |a volume  |b nc  |2 rdacarrier 
650 0 |a Jazz. 
999 |a MARS 
999 f f |s c2ccda20-b954-3466-831a-caa61bbe9b91  |i 8bd157df-ed15-3548-872b-53f24eb20712  |t 0 
952 f f |p ric  |a Texas A&M University  |b Rellis Campus  |c Joint Library Facility  |d Remote Storage  |t 0  |e ML3561.J3 S53  |h Library of Congress classification  |i unmediated -- volume  |m A14801169812 
998 f f |a ML3561.J3 S53  |t 0  |l Remote Storage